000 00441nab a2200145Ia 4500
003 ES-SlBCS
005 20210601125239.0
008 140529s1978 xxu||||| |||| 00| 0 eng d
041 _aeng
100 1 _aWalter, Edward
_9154084
245 0 0 _aIs Libertarianism Logically Coherent?
_c Edward Walter
650 0 4 _aLibertarios
_9155924
773 0 _tPhilosophy and Phenomenological Research
_gvol. 38, 1978, págs. 505-513
_wRev1411
942 _cAR
999 _c527179
_d527179